| 000 | 00000nam 2200000za 4500 |
| 001 | 9.579014 |
| 003 | CaOODSP |
| 005 | 20221123120545 |
| 007 | cr ||||||||||| |
| 008 | 150406s2002 onc ||||o f000 0 eng d |
| 040 | |aCaOODSP|beng |
| 043 | |an-cn--- |
| 086 | 1 |aYM32-5/00-41E-PDF |
| 100 | 1 |aJohansen, David. |
| 245 | 10|aBulk water removals, water exports and the NAFTA |h[electronic resource] / |cby David Johansen. |
| 250 | |aRev. 31 January 2002 |
| 260 | |a[Ottawa] : |bLibrary of Parliament, |c2002. |
| 300 | |a[35] p. |
| 490 | 1 |a[In brief] ; |vPRB 00-41E |
| 500 | |aCaption title. |
| 500 | |aOriginally published: 20 February 2001. |
| 500 | |aIssued also in French under title: Les prélèvements massifs d'eau, les exportations d'eau et l'ALENA. |
| 504 | |aIncludes bibliographical references. |
| 590 | |a14-05-Supp|b2014-02-26 |
| 690 | 07|aFree trade agreements|2gcpds |
| 690 | 07|aFresh water|2gcpds |
| 690 | 07|aResources management|2gcpds |
| 690 | 07|aExports|2gcpds |
| 710 | 1 |aCanada. |bParliamentary Information and Research Service. |
| 775 | 08|tLes prélèvements massifs d'eau, les exportations d'eau et l'ALENA |w(CaOODSP)9.606695 |
| 830 | #0|aIn brief (Canada. Parliamentary Research Branch : Online)|vPRB 00-41E|w(CaOODSP)9.828982 |
| 856 | 40|ahttp://publications.gc.ca|qPDF|s510 KB|uhttps://publications.gc.ca/collections/collection_2014/bdp-lop/ib/prb0041-eng.pdf|yPRB 00-41E |